000 00307nam a2200121 i 4500
001 bg
245 0 _aPrace Instytutu Podstaw Elektrotechniki Politechniki Łódzkiej w 1973 roku.
260 _aŁódź,
_c1974.
040 _cBPK
041 _apol
942 _cKS
008 s pl f |000 0 pol
999 _c26192
_d26192
856 _uhttp://koha.tu.koszalin.pl/cgi-bin/koha/opac-detail.pl?biblionumber=26192
_yKatalog online BPK